[Event "DVM U14 2023"]
[Site "Magdeburg GER"]
[Date "2023.12.29"]
[Round "5"]
[White "Blodig, Vincent"]
[Black "Li, Hewei"]
[Result "1-0"]
[Termination "normal"]
[Board "8.1"]
[WhiteElo "1921"]
[BlackElo "1838"]
[WhiteClock "00:17:54"]
[BlackClock "00:06:44"]
[WhiteTeam "SF Augsburg"]
[BlackTeam "Düsseldorfer SK 14/25"]
[PlyCount "131"]
[WhiteFideId "16297857"]
[BlackFideId "34619763"]
[EventCountry "GER"]
[EventRounds "7"]
[EventType "team-swiss"]
[EventDate "2023.12.26"]

1. e4 {[%clk 01:30:56]} {[%emt 00:00:04]} c5 {[%clk 01:30:58]} {[%emt
00:00:01]} 2. Nf3 {[%clk 01:31:22]} {[%emt 00:00:04]} d6 {[%clk 01:31:20]}
{[%emt 00:00:08]} 3. d4 {[%clk 01:31:48]} {[%emt 00:00:05]} cxd4 {[%clk
01:31:45]} {[%emt 00:00:05]} 4. Nxd4 {[%clk 01:32:10]} {[%emt 00:00:07]} Nf6
{[%clk 01:32:09]} {[%emt 00:00:06]} 5. Nc3 {[%clk 01:32:35]} {[%emt 00:00:05]}
g6 {[%clk 01:32:35]} {[%emt 00:00:04]} 6. Be3 {[%clk 01:32:29]} {[%emt
00:00:36]} Bg7 {[%clk 01:32:58]} {[%emt 00:00:06]} 7. f3 {[%clk 01:32:44]}
{[%emt 00:00:16]} O-O {[%clk 01:33:22]} {[%emt 00:00:06]} 8. g4 {[%clk
01:32:37]} {[%emt 00:00:38]} Nc6 {[%clk 01:33:40]} {[%emt 00:00:10]} 9. Qd2
{[%clk 01:32:59]} {[%emt 00:00:09]} Be6 {[%clk 01:34:09]} {[%emt 00:00:02]} 10.
O-O-O {[%clk 01:32:44]} {[%emt 00:00:44]} Nxd4 {[%clk 01:33:33]} {[%emt
00:01:06]} 11. Bxd4 {[%clk 01:32:53]} {[%emt 00:00:21]} Qa5 {[%clk 01:26:48]}
{[%emt 00:07:16]} 12. Kb1 {[%clk 01:28:40]} {[%emt 00:04:43]} Rfc8 {[%clk
01:24:55]} {[%emt 00:02:22]} 13. a3 {[%clk 01:26:00]} {[%emt 00:03:10]} Rab8
{[%clk 01:20:18]} {[%emt 00:05:07]} 14. Ne2 {[%clk 00:59:58]} {[%emt 00:26:32]}
Qc7 {[%clk 01:10:49]} {[%emt 00:09:59]} 15. h4 {[%clk 00:58:48]} {[%emt
00:01:41]} b5 {[%clk 01:03:32]} {[%emt 00:07:46]} 16. g5 {[%clk 00:50:15]}
{[%emt 00:09:03]} Nh5 {[%clk 01:01:07]} {[%emt 00:02:55]} 17. Bxg7 {[%clk
00:50:20]} {[%emt 00:00:26]} Nxg7 {[%clk 00:59:16]} {[%emt 00:02:21]} 18. Nd4
{[%clk 00:48:23]} {[%emt 00:02:27]} b4 {[%clk 00:46:26]} {[%emt 00:13:20]} 19.
axb4 {[%clk 00:48:08]} {[%emt 00:00:44]} Bc4 {[%clk 00:37:17]} {[%emt
00:09:39]} 20. Bh3 {[%clk 00:43:45]} {[%emt 00:04:53]} Ne6 {[%clk 00:35:12]}
{[%emt 00:02:34]} 21. Bxe6 {[%clk 00:38:37]} {[%emt 00:05:40]} fxe6 {[%clk
00:34:44]} {[%emt 00:00:58]} 22. h5 {[%clk 00:34:11]} {[%emt 00:04:56]} Kg7
{[%clk 00:27:51]} {[%emt 00:07:23]} 23. hxg6 {[%clk 00:31:22]} {[%emt
00:03:19]} hxg6 {[%clk 00:27:53]} {[%emt 00:00:28]} 24. f4 {[%clk 00:19:41]}
{[%emt 00:12:10]} e5 {[%clk 00:20:29]} {[%emt 00:07:54]} 25. fxe5 {[%clk
00:19:26]} {[%emt 00:00:46]} dxe5 {[%clk 00:20:57]} {[%emt 00:00:01]} 26. Nf3
{[%clk 00:18:54]} {[%emt 00:01:03]} Be6 {[%clk 00:19:15]} {[%emt 00:02:11]} 27.
Qh2 {[%clk 00:15:03]} {[%emt 00:04:21]} Rh8 {[%clk 00:19:14]} {[%emt 00:00:31]}
28. Qxe5+ {[%clk 00:15:25]} {[%emt 00:00:09]} Qxe5 {[%clk 00:19:41]} {[%emt
00:00:02]} 29. Nxe5 {[%clk 00:15:47]} {[%emt 00:00:08]} Rxh1 {[%clk 00:17:51]}
{[%emt 00:02:20]} 30. Rxh1 {[%clk 00:16:13]} {[%emt 00:00:04]} Rxb4 {[%clk
00:17:44]} {[%emt 00:00:37]} 31. Rh6 {[%clk 00:16:35]} {[%emt 00:00:08]} Bf7
{[%clk 00:17:16]} {[%emt 00:00:58]} 32. Nxf7 {[%clk 00:17:00]} {[%emt
00:00:05]} Kxf7 {[%clk 00:17:45]} {[%emt 00:00:02]} 33. Rh7+ {[%clk 00:17:16]}
{[%emt 00:00:14]} Kf8 {[%clk 00:17:54]} {[%emt 00:00:21]} 34. Rh4 {[%clk
00:15:03]} {[%emt 00:02:42]} Kf7 {[%clk 00:15:34]} {[%emt 00:02:49]} 35. c3
{[%clk 00:15:10]} {[%emt 00:00:23]} Rb5 {[%clk 00:14:40]} {[%emt 00:01:25]} 36.
Rg4 {[%clk 00:15:16]} {[%emt 00:00:24]} Rb8 {[%clk 00:12:54]} {[%emt 00:02:16]}
37. Kc2 {[%clk 00:14:12]} {[%emt 00:01:34]} Ke6 {[%clk 00:11:36]} {[%emt
00:01:48]} 38. c4 {[%clk 00:13:27]} {[%emt 00:01:15]} Ke5 {[%clk 00:09:17]}
{[%emt 00:02:49]} 39. Kc3 {[%clk 00:12:37]} {[%emt 00:01:20]} a5 {[%clk
00:05:19]} {[%emt 00:04:27]} 40. b3 {[%clk 00:11:53]} {[%emt 00:01:14]} Rh8
{[%clk 00:03:11]} {[%emt 00:02:39]} 41. Kb2 {[%clk 00:09:02]} {[%emt 00:03:21]}
Kd4 {[%clk 00:30:01]} {[%emt 00:03:39]} 42. Ka3 {[%clk 00:38:10]} {[%emt
00:01:24]} Rh1 {[%clk 00:28:04]} {[%emt 00:02:26]} 43. Rf4 {[%clk 00:33:22]}
{[%emt 00:05:18]} Re1 {[%clk 00:25:03]} {[%emt 00:03:31]} 44. Rf7 {[%clk
00:28:48]} {[%emt 00:05:04]} Rxe4 {[%clk 00:23:22]} {[%emt 00:02:11]} 45. Rg7
{[%clk 00:29:06]} {[%emt 00:00:13]} Re6 {[%clk 00:17:58]} {[%emt 00:05:54]} 46.
Ka4 {[%clk 00:29:12]} {[%emt 00:00:24]} Ke4 {[%clk 00:16:58]} {[%emt 00:01:30]}
47. Kxa5 {[%clk 00:29:09]} {[%emt 00:00:33]} Kd4 {[%clk 00:16:46]} {[%emt
00:00:42]} 48. Rh7 {[%clk 00:27:46]} {[%emt 00:01:53]} Kc5 {[%clk 00:14:02]}
{[%emt 00:03:14]} 49. Rh8 {[%clk 00:26:02]} {[%emt 00:02:14]} Kc6 {[%clk
00:11:17]} {[%emt 00:03:14]} 50. b4 {[%clk 00:24:33]} {[%emt 00:01:59]} Re1
{[%clk 00:10:23]} {[%emt 00:01:24]} 51. b5+ {[%clk 00:24:26]} {[%emt 00:00:37]}
Kb7 {[%clk 00:10:30]} {[%emt 00:00:22]} 52. Rg8 {[%clk 00:24:00]} {[%emt
00:00:56]} Re6 {[%clk 00:07:22]} {[%emt 00:03:38]} 53. Kb4 {[%clk 00:23:24]}
{[%emt 00:01:06]} Kc7 {[%clk 00:07:29]} {[%emt 00:00:23]} 54. Kc3 {[%clk
00:22:45]} {[%emt 00:01:09]} Kb6 {[%clk 00:07:10]} {[%emt 00:00:50]} 55. Rc8
{[%clk 00:20:44]} {[%emt 00:02:31]} Kb7 {[%clk 00:06:59]} {[%emt 00:00:42]} 56.
Rc5 {[%clk 00:20:03]} {[%emt 00:01:10]} Re1 {[%clk 00:06:37]} {[%emt 00:00:52]}
57. Rc6 {[%clk 00:19:30]} {[%emt 00:01:02]} e6 {[%clk 00:06:29]} {[%emt
00:00:39]} 58. Kd4 {[%clk 00:18:47]} {[%emt 00:01:13]} e5+ {[%clk 00:06:37]}
{[%emt 00:00:22]} 59. Kc5 {[%clk 00:18:52]} {[%emt 00:00:25]} e4 {[%clk
00:06:49]} {[%emt 00:00:19]} 60. Rxg6 {[%clk 00:19:14]} {[%emt 00:00:08]} e3
{[%clk 00:06:23]} {[%emt 00:00:55]} 61. Rg7+ {[%clk 00:19:30]} {[%emt
00:00:13]} Kc8 {[%clk 00:06:33]} {[%emt 00:00:20]} 62. Kc6 {[%clk 00:19:45]}
{[%emt 00:00:16]} Kd8 {[%clk 00:06:49]} {[%emt 00:00:14]} 63. Rd7+ {[%clk
00:18:50]} {[%emt 00:01:25]} Ke8 {[%clk 00:06:43]} {[%emt 00:00:35]} 64. Rd4
{[%clk 00:18:42]} {[%emt 00:00:38]} e2 {[%clk 00:06:33]} {[%emt 00:00:41]} 65.
b6 {[%clk 00:18:25]} {[%emt 00:00:47]} Kf7 {[%clk 00:06:44]} {[%emt 00:00:20]}
66. Re4 {[%clk 00:17:54]} {[%emt 00:01:00]} 1-0

[Event "DVM U14 2023"]
[Site "Magdeburg GER"]
[Date "2023.12.29"]
[Round "5"]
[White "Vartanian, Roman"]
[Black "Rempel, Alexander"]
[Result "0-1"]
[Termination "normal"]
[Board "8.2"]
[WhiteElo "1705"]
[BlackElo "1659"]
[WhiteClock "00:09:56"]
[BlackClock "00:28:56"]
[WhiteTeam "Düsseldorfer SK 14/25"]
[BlackTeam "SF Augsburg"]
[PlyCount "66"]
[WhiteFideId "34140107"]
[BlackFideId "34618600"]
[EventCountry "GER"]
[EventRounds "7"]
[EventType "team-swiss"]
[EventDate "2023.12.26"]

1. Nf3 {[%clk 01:30:52]} {[%emt 00:00:07]} d5 {[%clk 01:30:43]} {[%emt
00:00:18]} 2. d4 {[%clk 01:31:12]} {[%emt 00:00:09]} Nf6 {[%clk 01:30:59]}
{[%emt 00:00:14]} 3. c4 {[%clk 01:31:36]} {[%emt 00:00:05]} e6 {[%clk
01:31:24]} {[%emt 00:00:05]} 4. Nc3 {[%clk 01:31:44]} {[%emt 00:00:22]} a6
{[%clk 01:31:41]} {[%emt 00:00:14]} 5. e3 {[%clk 01:31:59]} {[%emt 00:00:15]}
Be7 {[%clk 01:29:59]} {[%emt 00:02:12]} 6. Be2 {[%clk 01:31:23]} {[%emt
00:01:05]} O-O {[%clk 01:30:16]} {[%emt 00:00:12]} 7. O-O {[%clk 01:31:35]}
{[%emt 00:00:18]} Nbd7 {[%clk 01:27:40]} {[%emt 00:03:07]} 8. Ne5 {[%clk
01:29:34]} {[%emt 00:02:31]} Nxe5 {[%emt 00:04:18]} 9. dxe5 {[%clk 01:29:50]}
{[%emt 00:00:13]} Nd7 {[%clk 01:22:59]} {[%emt 00:01:26]} 10. cxd5 {[%clk
01:27:36]} {[%emt 00:02:43]} Nxe5 {[%clk 01:23:07]} {[%emt 00:00:22]} 11. e4
{[%clk 01:27:00]} {[%emt 00:01:07]} Bc5 {[%clk 01:17:26]} {[%emt 00:06:10]} 12.
Kh1 {[%clk 01:22:36]} {[%emt 00:04:53]} exd5 {[%clk 01:16:24]} {[%emt
00:01:34]} 13. f4 {[%clk 01:19:08]} {[%emt 00:03:58]} Ng6 {[%clk 01:01:41]}
{[%emt 00:15:13]} 14. f5 {[%clk 01:11:08]} {[%emt 00:08:30]} Bd6 {[%clk
01:00:30]} {[%emt 00:01:40]} 15. g3 {[%clk 00:52:16]} {[%emt 00:19:22]} Ne5
{[%clk 00:56:55]} {[%emt 00:04:06]} 16. Nxd5 {[%clk 00:49:40]} {[%emt
00:03:05]} f6 {[%clk 00:56:00]} {[%emt 00:01:25]} 17. Qc2 {[%clk 00:47:18]}
{[%emt 00:02:51]} Bd7 {[%clk 00:54:40]} {[%emt 00:01:51]} 18. Be3 {[%clk
00:46:10]} {[%emt 00:01:38]} Bb5 {[%clk 00:53:23]} {[%emt 00:01:47]} 19. Bxb5
{[%clk 00:45:08]} {[%emt 00:01:32]} axb5 {[%clk 00:53:51]} {[%emt 00:00:02]}
20. b3 {[%clk 00:37:31]} {[%emt 00:08:07]} c6 {[%clk 00:51:43]} {[%emt
00:02:38]} 21. Nc3 {[%clk 00:30:19]} {[%emt 00:07:42]} Qe7 {[%clk 00:41:58]}
{[%emt 00:10:16]} 22. Rad1 {[%clk 00:27:18]} {[%emt 00:03:30]} Rfd8 {[%clk
00:38:00]} {[%emt 00:04:28]} 23. h3 {[%clk 00:24:30]} {[%emt 00:03:18]} Bc5
{[%clk 00:33:43]} {[%emt 00:04:47]} 24. Bf4 {[%clk 00:23:40]} {[%emt 00:01:16]}
Bb6 {[%clk 00:31:30]} {[%emt 00:02:46]} 25. Kg2 {[%clk 00:23:03]} {[%emt
00:01:06]} Qc5 {[%clk 00:30:55]} {[%emt 00:01:07]} 26. Bxe5 {[%clk 00:21:38]}
{[%emt 00:01:54]} Qxe5 {[%clk 00:31:14]} {[%emt 00:00:11]} 27. Rfe1 {[%clk
00:19:31]} {[%emt 00:02:36]} Ba5 {[%clk 00:31:24]} {[%emt 00:00:21]} 28. Re3
{[%clk 00:18:41]} {[%emt 00:01:20]} Qc5 {[%clk 00:29:47]} {[%emt 00:02:07]} 29.
b4 {[%clk 00:11:06]} {[%emt 00:08:04]} Qxe3 {[%clk 00:29:17]} {[%emt 00:01:00]}
30. bxa5 {[%clk 00:11:13]} {[%emt 00:00:24]} Qc5 {[%clk 00:29:29]} {[%emt
00:00:18]} 31. Rxd8+ {[%clk 00:11:14]} {[%emt 00:00:29]} Rxd8 {[%clk 00:29:51]}
{[%emt 00:00:08]} 32. Kf3 {[%clk 00:11:27]} {[%emt 00:00:17]} Qc4 {[%clk
00:28:56]} {[%emt 00:01:26]} 33. Ke3 {[%clk 00:09:56]} {[%emt 00:02:00]} b4
{[%emt 00:00:19]} 0-1

[Event "DVM U14 2023"]
[Site "Magdeburg GER"]
[Date "2023.12.29"]
[Round "5"]
[White "Steinberger, Michael"]
[Black "Krstovic, Marko"]
[Result "1/2-1/2"]
[Termination "normal"]
[Board "8.3"]
[WhiteElo "1629"]
[BlackElo "1455"]
[WhiteClock "00:13:38"]
[BlackClock "00:51:00"]
[WhiteTeam "SF Augsburg"]
[BlackTeam "Düsseldorfer SK 14/25"]
[PlyCount "78"]
[WhiteFideId "34622373"]
[BlackFideId "16278003"]
[EventCountry "GER"]
[EventRounds "7"]
[EventType "team-swiss"]
[EventDate "2023.12.26"]

1. e4 {[%clk 01:30:59]} c5 {[%clk 01:30:56]} {[%emt 00:00:04]} 2. Nf3 {[%clk
01:31:23]} {[%emt 00:00:05]} Nc6 {[%clk 01:31:21]} {[%emt 00:00:05]} 3. d4
{[%clk 01:31:46]} {[%emt 00:00:07]} cxd4 {[%clk 01:31:46]} {[%emt 00:00:06]} 4.
Nxd4 {[%clk 01:32:10]} {[%emt 00:00:05]} g6 {[%clk 01:32:10]} {[%emt 00:00:06]}
5. c4 {[%clk 01:32:21]} {[%emt 00:00:19]} Bg7 {[%clk 01:32:31]} {[%emt
00:00:09]} 6. Be3 {[%clk 01:32:45]} {[%emt 00:00:07]} Nf6 {[%clk 01:32:53]}
{[%emt 00:00:08]} 7. Nc3 {[%clk 01:33:01]} {[%emt 00:00:13]} Ng4 {[%clk
01:33:18]} {[%emt 00:00:06]} 8. Qxg4 {[%clk 01:33:17]} {[%emt 00:00:13]} Nxd4
{[%clk 01:33:41]} {[%emt 00:00:07]} 9. Qd1 {[%clk 01:33:31]} {[%emt 00:00:16]}
e5 {[%clk 01:34:06]} {[%emt 00:00:06]} 10. Bd3 {[%clk 01:24:03]} {[%emt
00:09:58]} O-O {[%clk 01:32:34]} {[%emt 00:02:01]} 11. O-O {[%clk 01:24:19]}
{[%emt 00:00:13]} d6 {[%clk 01:32:18]} {[%emt 00:00:47]} 12. f3 {[%clk
01:22:40]} {[%emt 00:02:09]} f5 {[%clk 01:29:15]} {[%emt 00:03:33]} 13. Nd5
{[%clk 01:04:14]} {[%emt 00:18:56]} f4 {[%clk 01:22:23]} {[%emt 00:07:23]} 14.
Bxd4 {[%clk 01:01:43]} {[%emt 00:03:01]} exd4 {[%clk 01:22:44]} {[%emt
00:00:09]} 15. b4 {[%clk 00:58:50]} {[%emt 00:03:23]} h5 {[%clk 01:18:44]}
{[%emt 00:04:30]} 16. Rc1 {[%clk 00:47:30]} {[%emt 00:11:50]} Be6 {[%clk
01:13:47]} {[%emt 00:05:27]} 17. Qe1 {[%clk 00:39:10]} {[%emt 00:08:49]} g5
{[%clk 01:10:15]} {[%emt 00:04:02]} 18. h3 {[%clk 00:37:58]} {[%emt 00:01:43]}
Be5 {[%clk 01:10:03]} {[%emt 00:00:41]} 19. Kf2 {[%clk 00:34:18]} {[%emt
00:04:11]} Kg7 {[%clk 01:03:31]} {[%emt 00:07:02]} 20. a3 {[%clk 00:25:06]}
{[%emt 00:09:42]} Rh8 {[%clk 01:02:18]} {[%emt 00:01:44]} 21. Rh1 {[%clk
00:22:06]} {[%emt 00:03:30]} b6 {[%clk 00:58:57]} {[%emt 00:03:51]} 22. Qe2
{[%clk 00:20:51]} {[%emt 00:01:46]} Qd7 {[%clk 00:58:47]} {[%emt 00:00:39]} 23.
b5 {[%clk 00:15:15]} {[%emt 00:06:07]} Rh6 {[%emt 00:04:38]} 24. Rcg1 {[%clk
00:14:12]} Rah8 {[%clk 00:55:39]} {[%emt 00:01:02]} 25. Qd1 {[%clk 00:14:02]}
{[%emt 00:00:41]} g4 {[%clk 00:55:42]} {[%emt 00:00:27]} 26. hxg4 {[%clk
00:12:08]} {[%emt 00:02:24]} hxg4 {[%clk 00:56:04]} {[%emt 00:00:07]} 27. Rxh6
{[%clk 00:11:51]} {[%emt 00:00:47]} g3+ {[%clk 00:56:21]} {[%emt 00:00:14]} 28.
Ke2 {[%clk 00:12:05]} {[%emt 00:00:16]} Rxh6 {[%clk 00:56:45]} {[%emt
00:00:05]} 29. Rh1 {[%clk 00:12:15]} {[%emt 00:00:20]} Bxd5 {[%clk 00:50:32]}
{[%emt 00:06:43]} 30. cxd5 {[%clk 00:12:01]} {[%emt 00:00:44]} Qf7 {[%clk
00:48:45]} {[%emt 00:02:16]} 31. Rxh6 {[%clk 00:12:04]} {[%emt 00:00:28]} Kxh6
{[%clk 00:49:03]} {[%emt 00:00:11]} 32. Qh1+ {[%clk 00:11:58]} {[%emt
00:00:36]} Qh5 {[%clk 00:49:03]} {[%emt 00:00:30]} 33. Qxh5+ {[%clk 00:11:28]}
{[%emt 00:01:00]} Kxh5 {[%clk 00:49:14]} {[%emt 00:00:19]} 34. Kd2 {[%clk
00:11:54]} {[%emt 00:00:04]} Kg6 {[%clk 00:49:31]} {[%emt 00:00:13]} 35. Kc2
{[%clk 00:12:11]} {[%emt 00:00:13]} Kf6 {[%clk 00:49:54]} {[%emt 00:00:07]} 36.
Kb3 {[%clk 00:12:32]} {[%emt 00:00:08]} Ke7 {[%clk 00:50:17]} {[%emt 00:00:08]}
37. Kb4 {[%clk 00:12:49]} {[%emt 00:00:13]} Kd8 {[%clk 00:50:40]} {[%emt
00:00:07]} 38. a4 {[%clk 00:13:14]} {[%emt 00:00:05]} Kc7 {[%clk 00:51:00]}
{[%emt 00:00:09]} 39. a5 {[%clk 00:13:38]} {[%emt 00:00:07]} Kd8 {[%emt
00:00:31]} 1/2-1/2

[Event "DVM U14 2023"]
[Site "Magdeburg GER"]
[Date "2023.12.29"]
[Round "5"]
[White "Alugili, Yosef"]
[Black "Wachtel, Alexandra"]
[Result "1-0"]
[Termination "normal"]
[Board "8.4"]
[WhiteElo "1475"]
[BlackElo "1100"]
[WhiteClock "01:19:28"]
[BlackClock "01:05:51"]
[WhiteTeam "Düsseldorfer SK 14/25"]
[BlackTeam "SF Augsburg"]
[PlyCount "31"]
[WhiteFideId "34635963"]
[BlackFideId "34620427"]
[EventCountry "GER"]
[EventRounds "7"]
[EventType "team-swiss"]
[EventDate "2023.12.26"]

1. e4 {[%clk 01:30:59]} e6 {[%clk 01:30:56]} {[%emt 00:00:05]} 2. d4 {[%clk
01:31:27]} {[%emt 00:00:02]} d5 {[%clk 01:31:21]} {[%emt 00:00:05]} 3. exd5
{[%clk 01:31:53]} {[%emt 00:00:03]} exd5 {[%clk 01:31:46]} {[%emt 00:00:05]} 4.
c4 {[%clk 01:32:21]} {[%emt 00:00:04]} c6 {[%clk 01:31:44]} {[%emt 00:00:30]}
5. Nf3 {[%clk 01:32:47]} {[%emt 00:00:04]} g6 {[%clk 01:30:59]} {[%emt
00:01:14]} 6. Nc3 {[%clk 01:33:13]} {[%emt 00:00:05]} Bg7 {[%clk 01:30:20]}
{[%emt 00:01:09]} 7. Be2 {[%clk 01:32:08]} {[%emt 00:01:36]} Ne7 {[%clk
01:29:19]} {[%emt 00:01:31]} 8. O-O {[%clk 01:32:19]} {[%emt 00:00:19]} dxc4
{[%clk 01:27:20]} {[%emt 00:02:29]} 9. Bxc4 {[%clk 01:32:37]} {[%emt 00:00:13]}
O-O {[%clk 01:27:05]} {[%emt 00:00:44]} 10. Re1 {[%clk 01:32:09]} {[%emt
00:00:59]} Bg4 {[%clk 01:24:16]} {[%emt 00:03:19]} 11. Bg5 {[%clk 01:24:53]}
{[%emt 00:07:46]} Re8 {[%clk 01:19:38]} {[%emt 00:05:07]} 12. h3 {[%clk
01:23:26]} {[%emt 00:01:58]} Bc8 {[%clk 01:16:50]} {[%emt 00:03:17]} 13. Qb3
{[%clk 01:21:20]} {[%emt 00:02:36]} Kf8 {[%clk 01:07:45]} {[%emt 00:09:35]} 14.
Bxf7 {[%clk 01:20:27]} {[%emt 00:01:24]} Bxd4 {[%clk 01:05:56]} {[%emt
00:02:18]} 15. Nxd4 {[%clk 01:19:03]} {[%emt 00:01:54]} Qxd4 {[%clk 01:05:51]}
{[%emt 00:00:35]} 16. Bh6+ {[%clk 01:19:28]} {[%emt 00:00:05]} 1-0

[Event "DVM U14 2023"]
[Site "Magdeburg GER"]
[Date "2023.12.29"]
[Round "5"]
[White "Beberhold, Otto Richard"]
[Black "Meng, Yuxuan"]
[Result "0-1"]
[Termination "normal"]
[Board "9.1"]
[WhiteElo "1447"]
[BlackElo "1749"]
[WhiteClock "00:31:56"]
[BlackClock "00:15:05"]
[WhiteTeam "SSV Vimaria 91 Weimar"]
[BlackTeam "SC Viernheim 1934"]
[PlyCount "41"]
[WhiteFideId "34617248"]
[BlackFideId "16258231"]
[EventCountry "GER"]
[EventRounds "7"]
[EventType "team-swiss"]
[EventDate "2023.12.26"]

1. e4 {[%clk 01:30:58]} {[%emt 00:00:03]} c5 {[%clk 01:30:55]} {[%emt
00:00:04]} 2. Nf3 {[%clk 01:31:23]} {[%emt 00:00:05]} e6 {[%clk 01:31:21]}
{[%emt 00:00:05]} 3. d4 {[%clk 01:31:46]} {[%emt 00:00:07]} cxd4 {[%clk
01:31:46]} {[%emt 00:00:04]} 4. Nxd4 {[%clk 01:32:12]} {[%emt 00:00:05]} a6
{[%clk 01:32:09]} {[%emt 00:00:06]} 5. c4 {[%clk 01:32:37]} {[%emt 00:00:05]}
Nf6 {[%clk 01:32:00]} 6. Nc3 {[%clk 01:32:57]} {[%emt 00:00:50]} Qc7 {[%clk
01:30:55]} {[%emt 00:01:47]} 7. a3 {[%clk 01:32:15]} Nc6 {[%clk 01:30:55]} 8.
Be3 {[%clk 01:32:15]} {[%emt 00:02:00]} Be7 {[%clk 01:30:49]} 9. Be2 {[%clk
01:31:38]} {[%emt 00:01:41]} O-O {[%clk 01:30:50]} 10. Rc1 {[%clk 01:31:06]}
{[%emt 00:01:31]} b6 {[%clk 01:17:53]} 11. f3 {[%clk 01:31:06]} Qb8 {[%clk
01:17:53]} 12. g4 {[%clk 01:24:06]} {[%emt 00:31:40]} Nxd4 {[%clk 01:05:02]}
13. Bxd4 {[%clk 01:22:46]} {[%emt 00:05:28]} d6 {[%clk 01:03:47]} 14. Kd2
{[%clk 01:19:54]} {[%emt 00:05:08]} Rd8 {[%emt 00:23:53]} 15. Qb3 {[%clk
01:11:53]} {[%emt 00:00:52]} Nd7 {[%emt 00:02:32]} 16. h4 {[%clk 01:03:53]}
{[%emt 00:08:26]} Nc5 {[%emt 00:14:48]} 17. Qc2 {[%emt 00:16:37]} Bb7 {[%clk
00:17:08]} {[%emt 00:01:55]} 18. b4 {[%clk 00:59:12]} {[%emt 00:02:17]} Nd7
{[%clk 00:16:52]} {[%emt 00:00:47]} 19. Qb3 {[%clk 00:43:38]} {[%emt 00:16:02]}
d5 {[%clk 00:14:45]} {[%emt 00:02:39]} 20. cxd5 {[%clk 00:41:51]} {[%emt
00:02:17]} exd5 {[%clk 00:15:05]} {[%emt 00:00:10]} 21. exd5 {[%clk 00:31:56]}
{[%emt 00:10:25]} 0-1

[Event "DVM U14 2023"]
[Site "Magdeburg GER"]
[Date "2023.12.29"]
[Round "5"]
[White "Kalinski, Jan"]
[Black "Bock, Leonas"]
[Result "1-0"]
[Termination "normal"]
[Board "9.2"]
[WhiteElo "1507"]
[BlackElo "1302"]
[WhiteClock "00:55:31"]
[BlackClock "01:00:42"]
[WhiteTeam "SC Viernheim 1934"]
[BlackTeam "SSV Vimaria 91 Weimar"]
[PlyCount "57"]
[WhiteFideId "34660615"]
[BlackFideId "16287118"]
[EventCountry "GER"]
[EventRounds "7"]
[EventType "team-swiss"]
[EventDate "2023.12.26"]

1. c4 {[%clk 01:30:57]} {[%emt 00:00:02]} e5 {[%clk 01:30:45]} {[%emt
00:00:14]} 2. Nc3 {[%clk 01:31:24]} {[%emt 00:00:05]} Nf6 {[%clk 01:31:09]}
{[%emt 00:00:06]} 3. g3 {[%clk 01:31:38]} {[%emt 00:00:15]} Bb4 {[%clk
01:31:30]} {[%emt 00:00:08]} 4. Bg2 {[%clk 01:31:16]} {[%emt 00:00:52]} Bxc3
{[%clk 01:31:51]} {[%emt 00:00:10]} 5. bxc3 {[%clk 01:31:36]} {[%emt 00:00:10]}
O-O {[%clk 01:31:24]} {[%emt 00:00:57]} 6. Nf3 {[%clk 01:28:52]} {[%emt
00:03:14]} Re8 {[%clk 01:31:20]} {[%emt 00:00:33]} 7. O-O {[%clk 01:28:26]}
{[%emt 00:00:56]} d6 {[%clk 01:25:38]} {[%emt 00:06:12]} 8. Re1 {[%clk
01:25:46]} {[%emt 00:03:09]} Nc6 {[%clk 01:23:57]} {[%emt 00:02:11]} 9. e4
{[%clk 01:25:10]} {[%emt 00:01:06]} Be6 {[%clk 01:24:14]} {[%emt 00:00:13]} 10.
d3 {[%clk 01:25:35]} {[%emt 00:00:06]} h6 {[%clk 01:23:29]} {[%emt 00:01:15]}
11. Rb1 {[%clk 01:25:40]} {[%emt 00:00:25]} Rb8 {[%clk 01:23:06]} {[%emt
00:00:52]} 12. h3 {[%clk 01:25:31]} {[%emt 00:00:40]} Qd7 {[%clk 01:21:25]}
{[%emt 00:02:11]} 13. Kh2 {[%clk 01:25:50]} {[%emt 00:00:11]} a6 {[%clk
01:20:48]} {[%emt 00:01:07]} 14. a4 {[%clk 01:23:18]} {[%emt 00:03:02]} Na7
{[%clk 01:16:17]} {[%emt 00:05:01]} 15. Be3 {[%clk 01:23:04]} {[%emt 00:00:45]}
c5 {[%clk 01:16:24]} {[%emt 00:00:23]} 16. Qc2 {[%clk 01:22:35]} {[%emt
00:00:59]} Rec8 {[%clk 01:15:13]} {[%emt 00:01:40]} 17. Rb6 {[%clk 01:19:58]}
{[%emt 00:03:07]} Qd8 {[%clk 01:14:13]} {[%emt 00:01:30]} 18. Reb1 {[%clk
01:19:53]} {[%emt 00:00:35]} Nb5 {[%clk 01:12:52]} {[%emt 00:01:52]} 19. R6xb5
{[%clk 01:06:12]} {[%emt 00:14:11]} axb5 {[%clk 01:13:14]} {[%emt 00:00:08]}
20. cxb5 {[%clk 01:06:29]} {[%emt 00:00:12]} b6 {[%clk 01:12:28]} {[%emt
00:01:16]} 21. c4 {[%clk 01:02:36]} {[%emt 00:04:23]} Qd7 {[%clk 01:09:34]}
{[%emt 00:03:24]} 22. Ra1 {[%clk 01:01:15]} {[%emt 00:01:53]} Nh7 {[%clk
01:08:58]} {[%emt 00:01:04]} 23. Nh4 {[%clk 00:58:04]} {[%emt 00:03:42]} g5
{[%clk 01:08:21]} {[%emt 00:01:07]} 24. Nf3 {[%clk 00:57:40]} {[%emt 00:00:56]}
f5 {[%clk 01:07:30]} {[%emt 00:01:20]} 25. exf5 {[%clk 00:56:53]} {[%emt
00:01:17]} Bxf5 {[%clk 01:07:41]} {[%emt 00:00:19]} 26. Nd2 {[%clk 00:56:57]}
{[%emt 00:00:25]} Nf6 {[%clk 01:07:17]} {[%emt 00:00:54]} 27. Rf1 {[%clk
00:56:17]} {[%emt 00:01:10]} Qh7 {[%clk 01:07:10]} {[%emt 00:00:37]} 28. Ne4
{[%clk 00:55:48]} {[%emt 00:00:59]} Rc7 {[%clk 01:00:42]} {[%emt 00:06:59]} 29.
Nxf6+ {[%clk 00:55:31]} {[%emt 00:00:47]} 1-0